000 00860nam a22002777a 4500
001 BR7304984
003 BR-BrBNA
005 20230928084055.0
007 ta
008 230509b bl.||||| |||| 00| 0 por d
040 _aBR-BrBNA
_bpor
_cBiblioteca Nacional de Agricultura
041 _a(Por)
072 _aF25
_b3862
090 _ 3862 BR7304984
100 1 _aAlmeida, F.P. de
110 1 _aInstituto Zimotecnico Professor Jayme Rocha de Almeida, Piracicaba, SP (Brasil)
_96601
245 1 _aInterferencia dos fungos na adubacao do solo pela vinhaca
260 3 _aPiracicaba, SP (Brasil):
_c1953.
300 _a9 p.
500 _a(*) Documento disponível no(a) Instituto do Acucar e do Alcool, Rio de Janeiro, RJ (Brazil)
650 _aVINHACA
650 _aADUBACAO
650 _aFUNGO
909 _a202309
_bLucia
_c55
_dLucia Elande
942 _cBK
999 _c16714
_d16714